| 000 | 01630cam a22004094a 4500 | ||
|---|---|---|---|
| 999 |
_c34933 _d34933 |
||
| 001 | 15556930 | ||
| 003 | OSt | ||
| 005 | 20200201105022.0 | ||
| 008 | 081211s2009 nyua 000 0 eng | ||
| 010 | _a 2008053698 | ||
| 020 | _a9781590173138 (alk. paper) | ||
| 020 | _a1590173139 (alk. paper) | ||
| 035 | _a(OCoLC)ocn251203919 | ||
| 040 |
_aDNAL/DLC _coclc _dYDX _dBTCTA _dYDXCP _dJQF _dVP@ _dCDX _dDLC |
||
| 041 | 1 |
_aeng _hjpn |
|
| 042 | _apcc | ||
| 043 | _aa-ja--- | ||
| 050 | 0 | 0 |
_aS604 _b.F8413 2009 |
| 082 | 0 | 0 |
_a631.584 _222 _bFUK/O |
| 100 |
_aFukuoka, Masanobu _91741 |
||
| 240 | 1 | 0 |
_aShizen nōhō wara ippon no kakumei. _lEnglish |
| 245 | 1 | 4 |
_aThe one-straw revolution : _ban introduction to natural farming / _cMasanobu Fukuoka ; edited by Larry Korn ; preface by Wendell Berry ; introduction by Frances Moore Lappé. |
| 246 | 3 | 0 | _aIntroduction to natural farming |
| 260 |
_aNew York : _bNew York Review Books, _cc2009. |
||
| 300 |
_a 184 p. : _bill. ; _c21 cm. |
||
| 490 | 1 | _aNew York Review Books classics | |
| 500 | _aOriginally published: Emmaus, Pa. : Rodale Press, 1978. | ||
| 504 | _aIncludes bibliographical references. | ||
| 650 | 0 | _aNo-tillage. | |
| 650 | 0 | _aOrganic farming. | |
| 650 | 0 |
_aNo-tillage _zJapan. |
|
| 650 | 0 |
_aOrganic farming _zJapan. |
|
| 830 | 0 | _aNew York Review Books classics. | |
| 906 |
_a7 _bcbc _corignew _d1 _eecip _f20 _gy-gencatlg |
||
| 942 |
_2ddc _cBK _h631.58 _iFUK/O _k631.58 _mFUK/O |
||